00191nam a2200073Ia 4500008004100000082000800041100002800049245004000077240331s9999 xx 000 0 und d bCHA aCencsus and Studies. ed 0aChanging role of women in Sri lanka